The kinetic theory of gases : (Record no. 67836)
[ view plain ]
| 000 -LEADER | |
|---|---|
| fixed length control field | 00808nam a2200253 a 4500 |
| 001 - CONTROL NUMBER | |
| control field | 67836 |
| 003 - CONTROL NUMBER IDENTIFIER | |
| rucl marc code | BD-RjUL |
| 005 - DATE AND TIME OF LATEST TRANSACTION | |
| control field | 20211209081711.0 |
| 008 - FIXED-LENGTH DATA ELEMENTS--GENERAL INFORMATION | |
| fixed length control field | 170329r19521950enka 001 0 eng d |
| 035 ## - SYSTEM CONTROL NUMBER | |
| System control number | (BD-RjUL)68045 |
| 040 ## - CATALOGING SOURCE | |
| Original cataloging agency | BD-RjUL |
| Language of cataloging | eng |
| Transcribing agency | BD-RjUL |
| 041 ## - LANGUAGE CODE | |
| Language code of text/sound track or separate title | eng |
| 082 ## - DEWEY DECIMAL CLASSIFICATION NUMBER | |
| Edition number | 23 |
| Classification number | 533.7 |
| Author mark and year | KNK 1952 |
| 100 1# - MAIN ENTRY--PERSONAL NAME | |
| Personal name | Knudsen, Martin, |
| Dates associated with a name | 1871-1949. |
| 9 (RLIN) | 201105 |
| 245 14 - TITLE STATEMENT | |
| Title | The kinetic theory of gases : |
| Remainder of title | some modern aspects / |
| Statement of responsibility, etc. | by Martin Knudsen. |
| 250 ## - EDITION STATEMENT | |
| Edition statement | 3rd ed. |
| 260 ## - PUBLICATION, DISTRIBUTION, ETC. (IMPRINT) | |
| Place of publication, distribution, etc. | London ; |
| -- | NEW YORK : |
| Name of publisher, distributor, etc. | Methuen, |
| Date of publication, distribution, etc. | 1950 (Reprinted) 1952 |
| 300 ## - PHYSICAL DESCRIPTION | |
| Pagination | v, 64 p. : |
| Illustrations | ill. ; |
| Size | 17 cm. |
| 490 1# - SERIES STATEMENT | |
| Series statement | Meuthen's monographs on physical subjects |
| 500 ## - GENERAL NOTE | |
| General note | Includes index. |
| 650 #0 - SUBJECT ADDED ENTRY--TOPICAL TERM | |
| Topical term or geographic name as entry element | Kinetic theory of gases. |
| 9 (RLIN) | 201106 |
| 830 #0 - SERIES ADDED ENTRY--UNIFORM TITLE | |
| Uniform title | Meuthen's monographs on physical subjects |
| 942 ## - ADDED ENTRY ELEMENTS (KOHA) | |
| Source of classification or shelving scheme | Dewey Decimal Classification |
| Koha item type | Books |
| Lost status | Source of classification or shelving scheme | Damaged status | Not for loan | Collection code | Permanent Location | Current Location | Shelving location | Date acquired | Source of acquisition | Total Checkouts | Full call number | Date last seen | Copy number | Koha item type |
|---|---|---|---|---|---|---|---|---|---|---|---|---|---|---|
| Dewey Decimal Classification | Not For Loan | Non-fiction | Central Library, University of Rajshahi | Central Library, University of Rajshahi | Reading Room | 26/11/1958 | Colombo Plan | 533.7 KNK 1952 | 29/03/2017 | C-1 | Books |